A glossary of terms used in Grecian, Roman, Italian, and Gothic Architecture volume 2: a companion containing four hundred additional examples

Salvato in:
Dettagli Bibliografici
Autore principale: PARKER, John Henry
Natura: Libro
Lingua:inglese
Pubblicazione: Cambridge University Press 2014
Tags: Aggiungi Tag
Nessun Tag, puoi essere il primo ad aggiungerne!!

MARC

LEADER 00000nam a22000007a 4500
008 230106b |||||||| |||| 00| 0 eng d
020 |a 9789108073462 
100 |a PARKER, John Henry 
245 |a A glossary of terms used in Grecian, Roman, Italian, and Gothic Architecture  |b volume 2: a companion containing four hundred additional examples  |c John Henry Parker  |e Cambridge Library Collection  |g 80p; ill 
260 |b Cambridge University Press  |c 2014  |h Oxford, U.K  |i 699355  |i 699356  |i 699357  |i 699358  |l NA31.P21  |m Architecture-Dictionaries 
942 |a lcc  |c BK  |e Johnson  |f 6/1/23 
952 |0 0  |1 0  |2 lcc  |4 0  |7 0  |9 4092  |a EDM  |b HOL  |c LP  |d 2023-01-06  |l 0  |p 2023-0025  |r 2023-01-06 00:00:00  |t 699355  |w 2023-01-06  |y BK 
952 |0 0  |1 0  |2 lcc  |4 0  |7 0  |9 4093  |a EDM  |b HOL  |c LP  |d 2023-01-06  |l 0  |p 2023-0026  |r 2023-01-06 00:00:00  |t 699356  |w 2023-01-06  |y BK 
952 |0 0  |1 0  |2 lcc  |4 0  |7 0  |9 4094  |a RF  |b HOL  |c LP  |d 2023-01-06  |l 0  |p 2023-0027  |r 2023-01-06 00:00:00  |t 699357  |w 2023-01-06  |y BK 
952 |0 0  |1 0  |2 lcc  |4 0  |7 0  |9 4095  |a HOL  |b HOL  |c LP  |d 2023-01-06  |l 0  |p 2023-0028  |r 2023-01-06 00:00:00  |t 699358  |w 2023-01-06  |y BK 
999 |c 2053  |d 2053